| Tag |
First Indicator |
Second Indicator |
Subfields |
| LEADER |
00000cam a2200000 4500 |
| 001 |
in00000040933 |
| 005 |
20151007064732.0 |
| 008 |
730105s1959 nyu 00000 eng u |
| 010 |
|
|
|a 59005140
|
| 035 |
|
|
|a (OCoLC)00529674
|
| 035 |
|
|
|9 AAE0490AM
|
| 040 |
|
|
|c WSU
|d TXA
|d UtOrBLW
|
| 049 |
|
|
|a TXAM
|c [305792]
|
| 050 |
|
0 |
|a QB45
|b .S85
|
| 092 |
|
|
|a 520
|b S927e
|
| 100 |
1 |
|
|a Struve, Otto,
|d 1897-1963.
|
| 245 |
1 |
0 |
|a Elementary astronomy /
|c [by] Otto Struve, Beverly Lynds, and Helen Pillans.
|
| 264 |
|
1 |
|a New York :
|b Oxford University Press,
|c 1959.
|
| 300 |
|
|
|a 396 pages
|
| 336 |
|
|
|a text
|b txt
|2 rdacontent
|
| 337 |
|
|
|a unmediated
|b n
|2 rdamedia
|
| 338 |
|
|
|a volume
|b nc
|2 rdacarrier
|
| 650 |
|
0 |
|a Astronomy.
|
| 999 |
|
|
|a MARS
|
| 999 |
f |
f |
|s 363da69b-7dbd-39d2-a439-dd82a24e9060
|i c0547ee5-278e-36d8-abcc-b867e5744641
|t 0
|
| 952 |
f |
f |
|p ric
|a Texas A&M University
|b Rellis Campus
|c Joint Library Facility
|d Remote Storage
|t 0
|e QB45 .S85
|h Library of Congress classification
|i unmediated -- volume
|m A14800898303
|
| 998 |
f |
f |
|a QB45 .S85
|t 0
|l Remote Storage
|